000 00363nam a2200145Ia 4500
008 240729s9999 xx 000 0 und d
022 _a2029-0454
245 0 _aBaltic Journal of Law & Politics
260 _aPoland
260 _bSciendo
650 _aLaw
856 _uhttps://doaj.org/toc/75e7efa183cd4c5996695505e7d85201
942 _2ddc
942 _cDOAJEJ
999 _c68971
_d68971
945 _a1
_bMadushi Gamage
_c1
_dMadushi Gamage